| 000 | 01026nam a2200301 i 4500 | ||
|---|---|---|---|
| 001 | 97008 | ||
| 003 | ES-MaACL | ||
| 005 | 20250802063110.0 | ||
| 007 | t| | ||
| 008 | 050705s1970 sp ||||1| spa d | ||
| 017 |
_aM 23653-1970 _bOficina Depósito Legal Madrid |
||
| 080 | _a308(=96) | ||
| 080 | _a323.12(=96:73) | ||
| 080 | _a008(6=96) | ||
| 100 | 1 |
_aManrique de Lara, José Gerardo, _d1922-2001 _eaut _976104 |
|
| 245 | 1 | 3 |
_aEl mundo negro / _cJosé Gerardo Manrique de Lara |
| 260 |
_aMadrid : _bEdiciones y Publicaciones Españolas, _c1970 |
||
| 300 |
_a188 páginas ; _c17 cm |
||
| 490 | 1 |
_aGrandes escritores contemporáneos. _pPanoramas ; _v28 _9184401 |
|
| 650 | 4 |
_aPersonas negras _9241497 |
|
| 650 | 7 |
_aAfronorteamericanos _2embne _9172037 |
|
| 830 | 0 |
_aGrandes escritores contemporáneos. _pPanoramas ; _v28 _9184401 |
|
| 852 |
_aES-MaACL _cSPP2 _jF-15384 |
||
| 852 |
_aES-MaACL _cDEPO2 _jC-44960 |
||
| 942 |
_2udc _cMONOGRAFIA _n0 |
||
| 999 |
_c97008 _d97008 |
||